Semblanza de Pío Baroja : (Record n. 3635)

Dettagli MARC
000 -LEADER
fixed length control field 01237cam a2200301 i 4500
003 - CONTROL NUMBER IDENTIFIER
control field IT-RoINE
005 - DATE AND TIME OF LATEST TRANSACTION
control field 20200727102613.0
008 - FIXED-LENGTH DATA ELEMENTS--GENERAL INFORMATION
fixed length control field 110505s2011 sp a |r|||| 001 0bspa d
020 ## - INTERNATIONAL STANDARD BOOK NUMBER
International Standard Book Number 9788493822132
040 ## - CATALOGING SOURCE
Original cataloging agency SpMaBN
Language of cataloging spa
Transcribing agency IT-RoINE
Description conventions rdc
Modifying agency IT-RoINE
100 1# - MAIN ENTRY--PERSONAL NAME
9 (RLIN) 7493
Personal name Caro Baroja, Julio,
Dates associated with a name 1914-1995
245 10 - TITLE STATEMENT
Title Semblanza de Pío Baroja :
Remainder of title con un epistolario inédito de la familia Baroja durante la Guerra Civil española /
Statement of responsibility, etc Julio Caro Baroja ; introducción de Pío Caro Baroja ; edición de Jesús Alfonso Blázquez González.
250 ## - EDITION STATEMENT
Edition statement 1ª ed. en Ediciones 98.
260 ## - PUBLICATION, DISTRIBUTION, ETC. (IMPRINT)
Place of publication, distribution, etc Alcobendas, Madrid :
Name of publisher, distributor, etc Ediciones 98,
Date of publication, distribution, etc 2011.
300 ## - PHYSICAL DESCRIPTION
Extent 144 p. :
Other physical details il. ;
Dimensions 21 cm.
336 ## - CONTENT TYPE
Source rdacontent
Content type term text
337 ## - MEDIA TYPE
Source rdamedia
Media type term unmediated
338 ## - CARRIER TYPE
Source rdacarrier
Carrier type term volume
500 ## - GENERAL NOTE
General note Incluye índice.
600 34 - SUBJECT ADDED ENTRY--PERSONAL NAME
9 (RLIN) 7497
Personal name Baroja (Familia)
600 10 - SUBJECT ADDED ENTRY--PERSONAL NAME
9 (RLIN) 7167
Personal name Baroja, Pío,
Dates associated with a name 1872-1956
600 14 - SUBJECT ADDED ENTRY--PERSONAL NAME
Personal name Baroja, Pío,
Dates associated with a name 1872-1956
Form subdivision Correspondencia
9 (RLIN) 37188
600 14 - SUBJECT ADDED ENTRY--PERSONAL NAME
Personal name Caro Baroja, Julio,
Dates associated with a name 1914-1995
Form subdivision Correspondencia
9 (RLIN) 68615
651 #4 - SUBJECT ADDED ENTRY--GEOGRAPHIC NAME
Geographic name España
General subdivision Historia
Chronological subdivision 1936-1939 (Guerra civil)
General subdivision Fuentes
9 (RLIN) 7494
700 1# - ADDED ENTRY--PERSONAL NAME
Personal name Blázquez González, Jesús Alfonso,
Dates associated with a name 1962-
9 (RLIN) 7495
700 1# - ADDED ENTRY--PERSONAL NAME
9 (RLIN) 7167
Personal name Baroja, Pío,
Dates associated with a name 1872-1956
942 ## - ADDED ENTRY ELEMENTS (KOHA)
Item type Monografías
Dati di copia
Withdrawn status Lost status Damaged status Not for loan Home library Current library Date acquired Total Checkouts Full call number Barcode Date last seen Price effective from Koha item type
        Iglesia Nacional Española en Roma Iglesia Nacional Española en Roma 09/05/2014   BIO 1601 4102 09/05/2014 09/05/2014 Monografías